000 00322nam a2200109Ia 4500
008 220204s9999 xx 000 0 und d
082 _a536.7
_bBRO.2
100 _aBrophy, Jere H
245 0 _aStructure and porperties of materials. V 2. Thermodynamics of structure
260 _aNew Delhi
_bWiley Eastern
_c1968
942 _cBK
999 _c21069
_d21069